VOICES from Africa on literacy for the attainment of sustainable development

Saved in:
Bibliographic Details
Format: Book
Language:English
Published: International Development in Africa Committee (IDAC) International Reading Association 2009
Tags: Add Tag
No Tags, Be the first to tag this record!

MARC

LEADER 00000nam a22000007a 4500
008 211102b ||||| |||| 00| 0 eng d
020 |a 973409565 
245 |a VOICES from Africa on literacy for the attainment of sustainable development   |c edited by Nkechi M. Christopher  |g xxx,429p.:ill. 
260 |b International Development in Africa Committee (IDAC) International Reading Association  |c 2009  |h Newark  |i 64064  |i 64065  |l LC158.A2V87  |m Literacy--Africa  |m Adult education--Africa  |m Continuing education--Africa  |m Community development--Africa  |m Sustainable development--Africa 
500 |a It includes index and abstract 
942 |a lcc  |c BK  |e Kuteyi M. A.  |f 2/11/2021 
952 |0 0  |1 0  |2 lcc  |4 0  |6 LC0158 A2 V87  |7 0  |9 3818  |a HOL  |b HOL  |c LP  |d 2021-11-02  |l 0  |o LC158.A2V87  |p 2021-67549  |r 2021-11-02 00:00:00  |w 2021-11-02  |y BK 
952 |0 0  |1 0  |2 lcc  |4 0  |6 LC0158 A2 V87  |7 0  |9 3819  |a HOL  |b ED  |c LP  |d 2021-11-02  |l 0  |o LC158.A2V87  |p 2021-67550  |r 2021-11-02 00:00:00  |w 2021-11-02  |y BK 
999 |c 1909  |d 1909